00794nam a22001937a 4500003000900000008004100009040007100050082001800121245008000139260003200219300004500251440002800296505017800324650001600502650001300518650002000531650002100551700002800572AR-CdUCM190425b ||||| |||| 00| 0 spa d aMUNICIPALIDAD PROVINCIAL DEL CUSCOcBIBLIOTECA MUNICIPAL DEL CUSCO aApu/N°1/2000 aApu tiuno :bdesde allí hablan los maestros /cRed Educativa Checcapucara aParuro.bPachawaray,c2000. a22 páginas. :bilustraciones ;c29 cm. aApu tiuno.nN°01, 2000 aContenido: El país visto por los maestros. -- Omacha 05 años en extrema pobreza. -- El niño campesino y la economía campesina. -- Reseñas. -- Literatura. -- Humor. aEducación aFolklore aDistrito Omacha aProvincia Paruro aFlores Mamani, Héctor